000 00969nam a22002657a 4500
999 _c3178
_d3178
005 20231031091950.0
008 231031b ||||| |||| 00| 0 eng d
020 _a9781534405608
040 _cKH8
082 _aFIC RUS
100 _aRussell, Rachel Renée
_eAuthor
245 _aTales from a not-so-secret crush catastrophe /
_cRachel Renée Russell
250 _aFirst Aladdin hardcover edition
260 _aNew York,
_bAladdin, an imprint of Simon & Schuster Children's Publishing Division,
_c2017
300 _a 256 pages :
_billustrations ;
_c22 cm
440 _a Dork diaries,
_v12
520 _aAs Nikki plans how she's going to spend her summer, things get more complicated after she starts hanging out with a visiting student
521 _aAges 9-13.
650 _aDiaries
650 _aDiaries Fiction
650 _aDiaries Juvenile fiction
700 _aNikki Russell
_eIllustrator
700 _a Erin Russell
_eAuthor
942 _2ddc
_cFIC